| 000 | 02097nam a2200241Ia 4500 | ||
|---|---|---|---|
| 003 | Ost | ||
| 005 | 20260507075003.0 | ||
| 008 | 260507s9999||||xx |||||||||||||| ||und|| | ||
| 040 | _cfsecg | ||
| 041 | _aara | ||
| 082 | _a658.562 | ||
| 100 |
_aالطائي، يوسف حجيم _eمؤلف |
||
| 245 | 0 |
_aإدارة الجودة الشاملة في التعليم الجامعي / _c يوسف حجيم الطائي |
|
| 260 |
_aعمان: _bدار الوراق للنشر والتوزيع, _c2007 |
||
| 300 |
_a447 صفحة؛ _c24 سم |
||
| 504 | _aبيبليوغرافيا: ص. 423 قائمة الاشكال ص. 15 قائمة الجداول 17ص. | ||
| 520 | _aيضم الاطار المعرفي لجودة التعليم ، مفاهيم متعلقة بالجودة الشاملة التعليمية ، اصلاح التعليم الجامعي في ظل ادارة الجودة الشاملة ، الفكر المنظومي للجود الشاملة في التعليم الجامعي ، جودة التعليم العالي ، الاتجاهات المعاصرة في ادارة الجودة الشاملة التعليمية ، مكونات الجودة الشاملة في التعليم ، مدخل تطبيق نظام الجودة الشاملة في التعليم الجامعي ، الركائز الاساسية لتطبيق إدارة الجودة الشاملة في التعليم الجامعي ، محاور الجودة الشاملة من خلال المنظور الجامعي ، ادارة الجودجة التعليم عن بعد والتعليم الدجامعي المفتوح ، ضمان جودة التعليم الجامعي ، متطلبات ادارة الجودة الجامعية ، النماذج المطبقة في ادارة الجودة الشاملة التعليمية ، ادارة الجودة الشاملة في التعليم الجامعي . | ||
| 653 | _aالإدارة | ||
| 653 | _aالتعليم الجامعي | ||
| 653 | _aضبط الجودة | ||
| 700 |
_aالعبادي، محمد فوزي _eمؤلف ثانوي |
||
| 942 | _cكتاب | ||
| 999 |
_c42092 _d42092 |
||